[Event "Bremen-ch op"]
[Site "Bremen"]
[Date "2018.03.24"]
[Round "1"]
[White "Buhrdorf, Axel"]
[Black "Viet, Silas"]
[Result "1-0"]
[WhiteElo "1885"]
[BlackElo "1478"]
[PlyCount "65"]
[EventDate "2018.03.24"]
[EventType "swiss"]
[EventRounds "9"]
[EventCountry "GER"]
[SourceTitle "EXT 2019"]
[Source "ChessBase"]
[SourceDate "2018.10.10"]
[SourceVersion "1"]
[SourceVersionDate "2018.10.10"]
[SourceQuality "1"]

1. e4 e5 2. Nf3 Nc6 3. d4 exd4 4. Nxd4 Nf6 5. Nc3 Bb4 6. Nxc6 bxc6 7. Bd3 0-0 8. 0-0 Re8 9. Re1 d5 10. exd5 Bxc3 11. bxc3 cxd5 12. Bg5 Be6 13. Qf3 c5 14. Bb5 Rf8 15. Rad1 Rb8 16. a4 Rb6 17. Qg3 h6 18. Be3 Ne4 19. Qf3 Qc8 20. Be2 Nxc3 21. Ra1 Rb2 22. Bd3 c4 23. Bf1 Rxc2 24. Bxa7 Qc7 25. Bd4 Ne4 26. Rxe4 dxe4 27. Qd1 Rd8 28. Qxc2 Rxd4 29. a5 Rd5 30. Qxc4 Rc5 31. Qb4 Rc2 32. Qxe4 Qa7 33. Qxc2 1-0